MARC details
| 000 -LEADER |
| fixed length control field |
02277cam a22004575a 4500 |
| 001 - CONTROL NUMBER |
| control field |
ssj0001287641 |
| 003 - CONTROL NUMBER IDENTIFIER |
| control field |
OSt |
| 005 - DATE AND TIME OF LATEST TRANSACTION |
| control field |
20160221155318.0 |
| 008 - FIXED-LENGTH DATA ELEMENTS--GENERAL INFORMATION |
| fixed length control field |
140411s2014 enk sb 001 0 eng d |
| 020 ## - INTERNATIONAL STANDARD BOOK NUMBER |
| Cancelled/invalid ISBN |
9781118414880 (cloth) |
| 040 ## - CATALOGING SOURCE |
| Original cataloging agency |
DLC |
| Language of cataloging |
eng |
| Transcribing agency |
DLC |
| Modifying agency |
DLC |
| -- |
WaSeSS |
| -- |
EG-ScBUE |
| 082 04 - DEWEY DECIMAL CLASSIFICATION NUMBER |
| Classification number |
615.19 |
| Edition number |
22 |
| Item number |
ROS |
| 100 1# - MAIN ENTRY--PERSONAL NAME |
| Personal name |
Rosier, Jan A. |
| 9 (RLIN) |
39401 |
| 245 10 - TITLE STATEMENT |
| Title |
Global new drug development : |
| Remainder of title |
an introduction / |
| Statement of responsibility, etc |
Jan A. Rosier, Mark A. Martens, and Josse R. Thomas. |
| 260 ## - PUBLICATION, DISTRIBUTION, ETC. (IMPRINT) |
| Place of publication, distribution, etc |
Chichester : |
| Name of publisher, distributor, etc |
Wiley Blackwell, |
| Date of publication, distribution, etc |
2014. |
| 300 ## - PHYSICAL DESCRIPTION |
| Extent |
xxii, 402 p. : |
| Other physical details |
ill. ; |
| Dimensions |
24 cm. |
| 490 0# - Series Statement |
| Series statement |
ULLA postgraduate pharmacy series. |
| 500 ## - GENERAL NOTE |
| General note |
Index : p. 391-402. |
| 504 ## - BIBLIOGRAPHY, ETC. NOTE |
| Bibliography, etc |
Includes bibliographical references. |
| 505 0# - FORMATTED CONTENTS NOTE |
| Formatted contents note |
Drug life cycle -- Drug discovery and design -- Drug development: general aspects -- Methods and techniques used in drug development -- The early development of a new drug -- The late development of a new drug -- Special drug developments -- Drug commercialisation. |
| 506 ## - RESTRICTIONS ON ACCESS NOTE |
| Terms governing access |
Available on campus and off campus with authorized login. |
| 650 #0 - SUBJECT ADDED ENTRY--TOPICAL TERM |
| Topical term or geographic name as entry element |
Drug development. |
| Source of heading or term |
BUEsh |
| 651 ## - SUBJECT ADDED ENTRY--GEOGRAPHIC NAME |
| Source of heading or term |
BUEsh |
| 653 ## - INDEX TERM--UNCONTROLLED |
| Resource For college |
Pharmacy |
| Arrived date list |
February2016 |
| 700 1# - ADDED ENTRY--PERSONAL NAME |
| Personal name |
Martens, Mark A. |
| 700 1# - ADDED ENTRY--PERSONAL NAME |
| Personal name |
Thomas, Josse R. |
| 776 08 - ADDITIONAL PHYSICAL FORM ENTRY |
| Display text |
Print version: |
| Main entry heading |
Rosier, Jan A., author. |
| Title |
Global new drug development |
| Place, publisher, and date of publication |
Chichester, West Sussex : John Wiley & Sons, 2014 |
| International Standard Book Number |
9781118414880 |
| Record control number |
(DLC) 2014013906 |
| 856 40 - ELECTRONIC LOCATION AND ACCESS |
| Host name |
SOUTHEAST |
| Uniform Resource Identifier |
<a href="http://BZ6FJ9FL8E.search.serialssolutions.com/?V=1.0&L=BZ6FJ9FL8E&S=JCs&C=TC0001287641&T=marc">http://BZ6FJ9FL8E.search.serialssolutions.com/?V=1.0&L=BZ6FJ9FL8E&S=JCs&C=TC0001287641&T=marc</a> |
| 856 40 - ELECTRONIC LOCATION AND ACCESS |
| Host name |
BLOOMINGTON |
| Uniform Resource Identifier |
<a href="http://KG6EK7CQ2B.search.serialssolutions.com/?V=1.0&L=KG6EK7CQ2B&S=JCs&C=TC0001287641&T=marc">http://KG6EK7CQ2B.search.serialssolutions.com/?V=1.0&L=KG6EK7CQ2B&S=JCs&C=TC0001287641&T=marc</a> |
| 856 40 - ELECTRONIC LOCATION AND ACCESS |
| Host name |
EAST |
| Uniform Resource Identifier |
<a href="http://MN3KU4AR6Y.search.serialssolutions.com/?V=1.0&L=MN3KU4AR6Y&S=JCs&C=TC0001287641&T=marc">http://MN3KU4AR6Y.search.serialssolutions.com/?V=1.0&L=MN3KU4AR6Y&S=JCs&C=TC0001287641&T=marc</a> |
| 856 40 - ELECTRONIC LOCATION AND ACCESS |
| Host name |
IUPUI |
| Uniform Resource Identifier |
<a href="http://RX8KL6YF4X.search.serialssolutions.com/?V=1.0&L=RX8KL6YF4X&S=JCs&C=TC0001287641&T=marc">http://RX8KL6YF4X.search.serialssolutions.com/?V=1.0&L=RX8KL6YF4X&S=JCs&C=TC0001287641&T=marc</a> |
| 856 40 - ELECTRONIC LOCATION AND ACCESS |
| Host name |
KOKOMO |
| Uniform Resource Identifier |
<a href="http://TE6UZ4HK6Z.search.serialssolutions.com/?V=1.0&L=TE6UZ4HK6Z&S=JCs&C=TC0001287641&T=marc">http://TE6UZ4HK6Z.search.serialssolutions.com/?V=1.0&L=TE6UZ4HK6Z&S=JCs&C=TC0001287641&T=marc</a> |
| 856 40 - ELECTRONIC LOCATION AND ACCESS |
| Host name |
COLUMBUS |
| Uniform Resource Identifier |
<a href="http://RX8KL6YF4X.search.serialssolutions.com/?V=1.0&L=RX8KL6YF4X&S=JCs&C=TC0001287641&T=marc">http://RX8KL6YF4X.search.serialssolutions.com/?V=1.0&L=RX8KL6YF4X&S=JCs&C=TC0001287641&T=marc</a> |
| 942 ## - ADDED ENTRY ELEMENTS (KOHA) |
| Source of classification or shelving scheme |
Dewey Decimal Classification |
| 949 ## - LOCAL PROCESSING INFORMATION (OCLC) |
| h |
seasebook |
| 949 ## - LOCAL PROCESSING INFORMATION (OCLC) |
| h |
wellsebook |
| 949 ## - LOCAL PROCESSING INFORMATION (OCLC) |
| h |
eaebook |
| 949 ## - LOCAL PROCESSING INFORMATION (OCLC) |
| h |
ulebook |
| 949 ## - LOCAL PROCESSING INFORMATION (OCLC) |
| h |
kokoebook |
| 949 ## - LOCAL PROCESSING INFORMATION (OCLC) |
| h |
coebook |